[Event "Titled Tuesday intern op 23rd Jan Late"]
[Site "Chess.com INT"]
[Date "2024.01.23"]
[Round "1"]
[White "Chayka, Vitaliy"]
[Black "Riff, Vincent"]
[Result "0-1"]
[WhiteElo "2102"]
[BlackElo "2370"]
[PlyCount "80"]
[EventDate "2024.01.23"]
[EventType "swiss (blitz)"]
[EventRounds "11"]
[EventCountry "USA"]
[SourceTitle "CB05_2024"]
[SourceDate "2024.01.31"]
[SourceVersion "1"]
[SourceVersionDate "2024.01.31"]
[SourceQuality "1"]

1. d4 Nf6 2. Bf4 d6 3. e3 g6 4. h3 Bg7 5. Nf3 0-0 6. Be2 c5 7. c3 Qb6 8. Qc1 Nc6 9. Nbd2 Be6 10. 0-0 Rac8 11. dxc5 Qxc5 12. Nb3 Qb6 13. Nbd4 Bd7 14. Nxc6 Bxc6 15. Nd4 Bd7 16. Bh2 Ne4 17. Rb1 Rfe8 18. Qd1 e5 19. Nf3 Bf5 20. Bd3 d5 21. Nh4 Be6 22. Nf3 Nxf2 23. Rxf2 e4 24. Nd4 exd3 25. Qxd3 Bxd4 26. exd4 Bf5 27. Rxf5 gxf5 28. Qxf5 Qg6 29. Qxg6+ hxg6 30. Be5 Re6 31. Rf1 Rcc6 32. g4 f6 33. Bg3 Re2 34. Rf2 Rxf2 35. Kxf2 Rb6 36. b3 Ra6 37. a4 Rb6 38. b4 Rc6 39. Bf4 Rxc3 40. Be3 Rc4 0-1

[Event "Titled Tuesday intern op 16th Jan Late"]
[Site "Chess.com INT"]
[Date "2024.01.16"]
[Round "6"]
[White "Riff, Vincent"]
[Black "Pham, Le Thao Nguyen"]
[Result "0-1"]
[WhiteElo "2370"]
[BlackElo "2395"]
[PlyCount "114"]
[EventDate "2024.01.16"]
[EventType "swiss (blitz)"]
[EventRounds "11"]
[EventCountry "USA"]
[SourceTitle "CB04_2024"]
[SourceDate "2023.10.16"]
[SourceVersion "1"]
[SourceVersionDate "2023.10.16"]
[SourceQuality "1"]

1. e4 c6 2. Nc3 d5 3. Nf3 dxe4 4. Nxe4 Nf6 5. Qe2 Nxe4 6. Qxe4 Qa5 7. Bc4 Bf5 8. Qf4 e6 9. 0-0 Be7 10. Nd4 Bg6 11. Bxe6 0-0 12. Bb3 Nd7 13. d3 Nc5 14. Bd2 Qd8 15. Nf5 Bf6 16. Bc3 Bxc3 17. bxc3 Qd7 18. Ne3 b5 19. Qe5 Nb7 20. a4 a6 21. axb5 axb5 22. h4 h5 23. Qg3 Kh7 24. f4 Bf5 25. Qg5 Bg4 26. Nxg4 Qxg4 27. Qxg4 hxg4 28. Rxa8 Rxa8 29. Bxf7 Ra3 30. c4 b4 31. Kh2 Rc3 32. Rf2 Nc5 33. Kg3 b3 34. cxb3 Nxd3 35. Be6 Nxf2+ 36. Kxf2 g3+ 37. Ke2 Rxb3 38. c5 Rc3 39. h5 Kh6 40. Bf7 Rxc5 41. Kf3 Rc3+ 42. Kg4 c5 43. Bd5 Rd3 44. Bc4 Rd4 45. Bf7 c4 46. Kxg3 c3 47. Bg6 Rd2 48. Kh3 c2 49. g4 Rd5 50. Kh4 c1Q 51. g5+ Rxg5 52. fxg5+ Qxg5+ 53. Kh3 Qf4 54. Kg2 Kg5 55. Kh3 Qf3+ 56. Kh2 Kh4 57. h6 gxh6 0-1

[Event "Paris-ch IdF"]
[Site "Paris"]
[Date "2023.07.15"]
[Round "8"]
[White "Riff, Vincent"]
[Black "Rakhmangulova, Anastasiya"]
[Result "1/2-1/2"]
[WhiteElo "2383"]
[BlackElo "2347"]
[PlyCount "23"]
[EventDate "2023.07.11"]
[EventType "swiss"]
[EventRounds "9"]
[EventCountry "FRA"]
[SourceTitle "CBM 215 Extra"]
[Source "ChessBase"]
[SourceDate "2023.09.30"]
[SourceVersion "1"]
[SourceVersionDate "2023.09.30"]
[SourceQuality "1"]

1. Nc3 c5 2. e4 Nc6 3. Nf3 g6 4. Bb5 Nd4 5. Bc4 Bg7 6. 0-0 a6 7. d3 d6 8. Nxd4 cxd4 9. Ne2 e6 10. f4 Ne7 11. Ng3 d5 12. Bb3 1/2-1/2

[Event "Paris-ch IdF"]
[Site "Paris"]
[Date "2023.07.13"]
[Round "4"]
[White "Senthil, Maran K"]
[Black "Riff, Vincent"]
[Result "1-0"]
[WhiteElo "2287"]
[BlackElo "2383"]
[PlyCount "153"]
[EventDate "2023.07.11"]
[EventType "swiss"]
[EventRounds "9"]
[EventCountry "FRA"]
[SourceTitle "CBM 215 Extra"]
[Source "ChessBase"]
[SourceDate "2023.09.30"]
[SourceVersion "1"]
[SourceVersionDate "2023.09.30"]
[SourceQuality "1"]

1. d4 Nf6 2. c4 e6 3. g3 Bb4+ 4. Bd2 Qe7 5. Nf3 0-0 6. Bg2 Bxd2+ 7. Qxd2 d6 8. 0-0 e5 9. Nc3 Re8 10. dxe5 dxe5 11. Nd5 Nxd5 12. cxd5 e4 13. Nd4 Qe5 14. Nb5 a6 15. Nc3 Bf5 16. Qf4 Nd7 17. Qxe5 Rxe5 18. Nd1 Nf6 19. Ne3 Nxd5 20. Nxf5 Rxf5 21. Bxe4 Re5 22. Bf3 c6 23. Rfd1 Nf6 24. Rd4 Kf8 25. Rad1 Ke7 26. R1d2 Rc8 27. Bg2 c5 28. Rd6 Rc7 29. Rb6 c4 30. Rxb7 Rxb7 31. Bxb7 Ra5 32. a3 c3 33. bxc3 Rxa3 34. c4 Nd7 35. Rd5 f6 36. e4 Ne5 37. c5 Rc3 38. Bxa6 Nd7 39. c6 Nb8 40. Bb5 Nxc6 41. Bxc6 Rxc6 42. Rh5 h6 43. Ra5 Rc4 44. Ra7+ Kf8 45. f3 Rc2 46. h4 h5 47. Kf1 Kg8 48. Ra5 g6 49. Ra7 Rb2 50. Ra1 Kf7 51. Re1 Ra2 52. Re2 Ra3 53. Kf2 Rb3 54. Rc2 Ra3 55. Rc7+ Kg8 56. Rd7 Kf8 57. Ke2 Rb3 58. Rd3 Rb7 59. Ke3 Kf7 60. Kf4 Ra7 61. Rb3 Rc7 62. Rb4 Ra7 63. Rb6 Rc7 64. g4 hxg4 65. fxg4 Rc1 66. Rb7+ Ke6 67. Rb6+ Kf7 68. g5 Rf1+ 69. Ke3 fxg5 70. hxg5 Rg1 71. Kf4 Kg7 72. Rb7+ Kf8 73. Ke5 Ra1 74. Rd7 Ke8 75. Ke6 Kf8 76. e5 Ra6+ 77. Rd6 1-0

[Event "FRA-ch Rapid"]
[Site "Asnieres sur Seine"]
[Date "2023.06.25"]
[Round "5"]
[White "Riff, Vincent"]
[Black "Fedorchuk, Sergey A"]
[Result "0-1"]
[WhiteElo "2383"]
[BlackElo "2579"]
[PlyCount "64"]
[EventDate "2023.06.25"]
[EventType "swiss (rapid)"]
[EventRounds "9"]
[EventCountry "FRA"]
[SourceTitle "CBM 214 Extra"]
[Source "ChessBase"]
[SourceDate "2023.07.31"]
[SourceVersion "1"]
[SourceVersionDate "2023.07.31"]
[SourceQuality "1"]

1. e4 c5 2. Nc3 e6 3. Nf3 Nc6 4. Bb5 Nge7 5. 0-0 a6 6. Bxc6 Nxc6 7. d4 cxd4 8. Nxd4 Qc7 9. Re1 d6 10. Nxc6 bxc6 11. Qg4 e5 12. Qg3 h5 13. h3 h4 14. Qf3 Be7 15. Nd1 Be6 16. Ne3 g6 17. c4 a5 18. b3 a4 19. Bb2 Rb8 20. c5 dxc5 21. Nd5 cxd5 22. exd5 Qb7 23. Rxe5 Rh5 24. Rxh5 gxh5 25. Rd1 axb3 26. axb3 Qxb3 27. Qxh5 Bxd5 28. Qh8+ Kd7 29. Qh5 Kc6 30. Be5 Rg8 31. Qe2 Rxg2+ 32. Kf1 Bc4 0-1

[Event "Titled Tuesday intern op 16th May Early"]
[Site "Chess.com INT"]
[Date "2023.05.16"]
[Round "1"]
[White "Topalov, Aleksandar"]
[Black "Riff, Vincent"]
[Result "0-1"]
[WhiteElo "2233"]
[BlackElo "2383"]
[PlyCount "100"]
[EventDate "2023.05.16"]
[EventType "swiss (blitz)"]
[EventRounds "11"]
[EventCountry "USA"]
[SourceTitle "CBM 214 Extra"]
[Source "ChessBase"]
[SourceDate "2023.07.31"]
[SourceVersion "1"]
[SourceVersionDate "2023.07.31"]
[SourceQuality "1"]

1. b3 d5 2. Bb2 Bg4 3. g3 c6 4. Bg2 Nd7 5. Nf3 Ngf6 6. 0-0 e6 7. d3 Be7 8. Nbd2 0-0 9. c4 a5 10. a3 Qb6 11. Qb1 h6 12. Bc3 c5 13. h3 Bf5 14. cxd5 Nxd5 15. Bb2 Bf6 16. e4 Nc3 17. Bxc3 Bxc3 18. exf5 Bxa1 19. Qxa1 exf5 20. a4 Nf6 21. Qc3 Rad8 22. Nc4 Qc7 23. Qxa5 Qxa5 24. Nxa5 Rxd3 25. Nxb7 Rxb3 26. Nxc5 Ra3 27. Nd2 Rc8 28. Ndb3 Ne4 29. Bxe4 fxe4 30. Re1 f5 31. Rd1 g5 32. Rd5 f4 33. gxf4 gxf4 34. Re5 e3 35. fxe3 fxe3 36. Rxe3 Rxc5 37. Re8+ Kf7 38. Nxc5 Kxe8 39. Kg2 Ke7 40. Kh2 Kd6 41. Ne4+ Kd5 42. Nf6+ Ke6 43. Ng4 h5 44. Nf2 Rxa4 45. Kg3 Kf5 46. Nd1 Kg5 47. Nf2 Ra3+ 48. Kg2 Kf4 49. Kh2 Kf3 50. Nd1 Rd3 0-1

[Event "Titled Tuesday intern op 09th May Early"]
[Site "Chess.com INT"]
[Date "2023.05.09"]
[Round "1"]
[White "Kohler, Aran"]
[Black "Riff, Vincent"]
[Result "1-0"]
[WhiteElo "2010"]
[BlackElo "2383"]
[PlyCount "75"]
[EventDate "2023.05.09"]
[EventType "swiss (blitz)"]
[EventRounds "11"]
[EventCountry "USA"]
[SourceTitle "CBM 214 Extra"]
[Source "ChessBase"]
[SourceDate "2023.07.31"]
[SourceVersion "1"]
[SourceVersionDate "2023.07.31"]
[SourceQuality "1"]

1. d4 d5 2. Nf3 Nf6 3. Bf4 c5 4. e3 Nc6 5. c3 Qb6 6. Qb3 c4 7. Qc2 Bf5 8. Qc1 Qd8 9. Nbd2 e6 10. h3 b5 11. Ne5 Nxe5 12. Bxe5 Nd7 13. Bh2 Be7 14. Be2 0-0 15. 0-0 a5 16. b3 Nb6 17. bxc4 bxc4 18. Bf3 Bd3 19. Re1 Na4 20. e4 Bg5 21. exd5 exd5 22. Re5 Be4 23. Bxe4 dxe4 24. Rxe4 Re8 25. f4 Bf6 26. Qc2 Qd5 27. Rxe8+ Rxe8 28. Qxa4 Bxd4+ 29. Kh1 Re2 30. Nf3 Bc5 31. Rd1 Qe4 32. Qxa5 Bf8 33. Qd8 Qc2 34. Rd2 Qc1+ 35. Bg1 Re4 36. Rd4 Qxf4 37. Rxe4 Qxe4 38. Bc5 1-0

[Event "Titled Tuesday intern op 02nd May Early"]
[Site "Chess.com INT"]
[Date "2023.05.02"]
[Round "1"]
[White "Blanco Diez, David"]
[Black "Riff, Vincent"]
[Result "0-1"]
[WhiteElo "2323"]
[BlackElo "2383"]
[PlyCount "46"]
[EventDate "2023.05.02"]
[EventType "swiss (blitz)"]
[EventRounds "11"]
[EventCountry "USA"]
[SourceTitle "EXT 2024"]
[Source "ChessBase"]
[SourceDate "2023.10.10"]
[SourceVersion "1"]
[SourceVersionDate "2023.10.10"]
[SourceQuality "1"]

1. e4 e5 2. Nf3 Nc6 3. Bc4 Nf6 4. d3 Be7 5. 0-0 0-0 6. a4 d6 7. h3 Kh8 8. c3 Ng8 9. d4 f5 10. exf5 e4 11. Nh2 d5 12. Bb5 Bxf5 13. f3 Bd6 14. fxe4 Bxe4 15. Bxc6 bxc6 16. Nd2 Qh4 17. Ndf3 Qg3 18. Qe1 Qg6 19. Bd2 Bd3 20. Nh4 Bxh2+ 21. Kh1 Qd6 22. Rxf8 Rxf8 23. Qe3 Be4 0-1

[Event "Titled Tuesday intern op 25th Apr Late"]
[Site "Chess.com INT"]
[Date "2023.04.25"]
[Round "1"]
[White "Riff, Vincent"]
[Black "Vifleemskaia, Svetlana"]
[Result "0-1"]
[WhiteElo "2383"]
[BlackElo "1971"]
[PlyCount "82"]
[EventDate "2023.04.25"]
[EventType "swiss (blitz)"]
[EventRounds "11"]
[EventCountry "USA"]
[SourceTitle "EXT 2024"]
[Source "ChessBase"]
[SourceDate "2023.10.10"]
[SourceVersion "1"]
[SourceVersionDate "2023.10.10"]
[SourceQuality "1"]

1. e4 e5 2. Nf3 Nc6 3. Bb5 a6 4. Ba4 Nf6 5. 0-0 Be7 6. Bxc6 dxc6 7. Re1 Nd7 8. d4 exd4 9. Qxd4 0-0 10. Bf4 c5 11. Qe3 Nb6 12. b3 Bf6 13. e5 Be7 14. Nc3 Bf5 15. Rad1 Qc8 16. Rd2 h6 17. a4 Qe6 18. a5 Nd7 19. Nd5 Bd8 20. Bg3 c6 21. Nf4 Qe8 22. Qc3 Bc7 23. Nh5 Qe6 24. Nxg7 Kxg7 25. Rxd7 Bxa5 26. Qxa5 Qxd7 27. Qxc5 Qd5 28. Qc3 Be6 29. h3 Kh8 30. Bh4 Rg8 31. Bf6+ Kh7 32. Kh2 Rg6 33. Nh4 Rxf6 34. exf6 Rg8 35. Re5 Qd6 36. f4 Bd5 37. Qd3+ Kh8 38. c4 Qxf6 39. cxd5 Qxh4 40. Qd4 Qg3+ 41. Kh1 Qxg2# 0-1

[Event "Titled Tuesday intern op 18th Apr Late"]
[Site "Chess.com INT"]
[Date "2023.04.18"]
[Round "3"]
[White "Riff, Vincent"]
[Black "Terry, Renato"]
[Result "0-1"]
[WhiteElo "2383"]
[BlackElo "2520"]
[PlyCount "92"]
[EventDate "2023.04.18"]
[EventType "swiss (blitz)"]
[EventRounds "11"]
[EventCountry "USA"]
[SourceTitle "EXT 2024"]
[Source "ChessBase"]
[SourceDate "2023.10.10"]
[SourceVersion "1"]
[SourceVersionDate "2023.10.10"]
[SourceQuality "1"]

1. e4 g6 2. Nf3 Bg7 3. d4 d6 4. Be2 Nf6 5. Nbd2 Nc6 6. c3 e5 7. dxe5 dxe5 8. 0-0 0-0 9. Qc2 Nh5 10. Re1 Nf4 11. Bf1 Be6 12. Nc4 h6 13. Be3 g5 14. Rad1 Qf6 15. Bxf4 gxf4 16. Rd5 Rfe8 17. Rb5 Bc8 18. Rd1 a6 19. Rbd5 Be6 20. b3 Bxd5 21. exd5 b5 22. dxc6 bxc4 23. Qe4 cxb3 24. axb3 Rad8 25. Re1 Re6 26. Bxa6 Rxc6 27. Bc4 Rcd6 28. h4 Rd1 29. Rxd1 Rxd1+ 30. Kh2 Rd8 31. b4 Kf8 32. h5 Qe7 33. Bb3 Bf6 34. Kh3 Kg7 35. Bc2 Kf8 36. Bb3 Qd7+ 37. Kh2 Qd3 38. Qc6 Kg7 39. Qxc7 Rd7 40. Qc8 e4 41. Nd4 Rxd4 42. Bxf7 Rd8 43. Qf5 Kxf7 44. Qg6+ Ke7 45. Qh7+ Kd6 46. Qxh6 Qxc3 0-1

[Event "Titled Tuesday intern op 18th Apr Late"]
[Site "Chess.com INT"]
[Date "2023.04.18"]
[Round "2"]
[White "Ward, Ieuan C"]
[Black "Riff, Vincent"]
[Result "0-1"]
[WhiteElo "2028"]
[BlackElo "2383"]
[PlyCount "86"]
[EventDate "2023.04.18"]
[EventType "swiss (blitz)"]
[EventRounds "11"]
[EventCountry "USA"]
[SourceTitle "EXT 2024"]
[Source "ChessBase"]
[SourceDate "2023.10.10"]
[SourceVersion "1"]
[SourceVersionDate "2023.10.10"]
[SourceQuality "1"]

1. e4 c5 2. Nf3 Nc6 3. d4 cxd4 4. c3 Nf6 5. e5 Nd5 6. cxd4 d6 7. Bc4 dxe5 8. Nxe5 Be6 9. Nxc6 bxc6 10. 0-0 g6 11. Qa4 Rc8 12. Ba6 Rc7 13. Nc3 Bg7 14. Nxd5 Bxd5 15. Bf4 Rd7 16. Be5 0-0 17. Bxg7 Kxg7 18. Rad1 e6 19. b3 Qg5 20. f3 Rfd8 21. Qa5 h5 22. Qd2 Qf6 23. Qe3 h4 24. h3 Rh8 25. Rc1 Rh5 26. Bd3 Rg5 27. Kh1 Rg3 28. Kh2 Rd8 29. Rf2 Rh8 30. Be4 Rh5 31. Bxd5 cxd5 32. Rc7 Rhg5 33. Rxa7 Qd8 34. Qf4 Rf5 35. Qc7 Qg5 36. Qe7 Rxh3+ 37. Kg1 Qc1+ 38. Rf1 Qe3+ 39. Rf2 Rh1+ 40. Kxh1 Qxf2 41. Qxe6 h3 42. g4 Qxf3+ 43. Kg1 Qg2# 0-1

[Event "Titled Tuesday intern op 11th Apr Early"]
[Site "Chess.com INT"]
[Date "2023.04.11"]
[Round "6"]
[White "Riff, Vincent"]
[Black "Mitrabha, Guha"]
[Result "0-1"]
[WhiteElo "2383"]
[BlackElo "2510"]
[PlyCount "61"]
[EventDate "2023.04.11"]
[EventType "swiss (blitz)"]
[EventRounds "11"]
[EventCountry "USA"]
[SourceTitle "CBM 213 Extra"]
[Source "ChessBase"]
[SourceDate "2023.05.31"]
[SourceVersion "1"]
[SourceVersionDate "2023.05.31"]
[SourceQuality "1"]

1. e4 c6 2. Nf3 d5 3. d3 Nd7 4. Nbd2 e5 5. Be2 Bd6 6. 0-0 Ngf6 7. c3 0-0 8. Re1 Re8 9. Qc2 a5 10. Nf1 Nf8 11. Ng3 Ng6 12. a3 a4 13. Bf1 b5 14. exd5 cxd5 15. d4 e4 16. Ne5 Qb6 17. Nxg6 hxg6 18. b3 axb3 19. Qxb3 Bd7 20. Bg5 Qc6 21. Reb1 Ra5 22. Ne2 Rea8 23. Bc1 Nh5 24. h3 Kh7 25. Qd1 f5 26. Rb3 f4 27. Kh1 Rf8 28. Ng1 e3 29. Bd3 Bf5 30. Bxf5 Rxf5 31. fxe3 0-1

[Event "Titled Tuesday intern op 04th Apr Late"]
[Site "Chess.com INT"]
[Date "2023.04.04"]
[Round "1"]
[White "Harriott, Tyrell"]
[Black "Riff, Vincent"]
[Result "0-1"]
[WhiteElo "1889"]
[BlackElo "2383"]
[PlyCount "126"]
[EventDate "2023.04.04"]
[EventType "swiss (blitz)"]
[EventRounds "11"]
[EventCountry "USA"]
[SourceTitle "EXT 2024"]
[Source "ChessBase"]
[SourceDate "2023.10.10"]
[SourceVersion "1"]
[SourceVersionDate "2023.10.10"]
[SourceQuality "1"]

1. d4 d5 2. e3 Nf6 3. Bd3 Bg4 4. Ne2 c5 5. c3 Nc6 6. f4 e6 7. 0-0 Bd6 8. Nd2 Qc7 9. Nf3 Ne4 10. Bxe4 dxe4 11. Ng5 Bf5 12. Ng3 h6 13. N5xe4 0-0-0 14. Qf3 Bh7 15. f5 e5 16. d5 Ne7 17. c4 Rhe8 18. Qh5 Ng8 19. Qg4 f6 20. Bd2 Bf8 21. a3 Kb8 22. Rfc1 Ne7 23. d6 Rxd6 24. Nxd6 Qxd6 25. Rd1 Qc6 26. e4 Bg8 27. Qe2 Nc8 28. Rdc1 Rd8 29. b4 Nb6 30. b5 Qd6 31. Ba5 Qd4+ 32. Kh1 Bxc4 33. Qe1 Bxb5 34. Rd1 Bd3 35. Bxb6 axb6 36. Qd2 c4 37. Qe1 Bc5 38. h3 Rc8 39. a4 Qb2 40. Rd2 Qb4 41. Rad1 Qa5 42. Ra2 Qxe1+ 43. Rxe1 c3 44. Rc1 Be3 45. Rd1 c2 46. Rxc2 Bxc2 47. Ra1 Bf4 48. Ne2 Bxe4 49. Nxf4 exf4 50. a5 bxa5 51. Ra2 Rc2 52. Rxc2 Bxc2 53. Kg1 a4 54. Kf2 a3 55. Kf3 a2 56. Kxf4 a1Q 57. Kg4 Qd4+ 58. Kh5 Qf4 59. Kg6 Qxf5+ 60. Kf7 Qd7+ 61. Kg8 g5 62. Kf8 Bg6 63. Kg8 Qf7+ 0-1

[Event "Titled Tuesday intern op 04th Apr Late"]
[Site "Chess.com INT"]
[Date "2023.04.04"]
[Round "6"]
[White "Paravyan, David"]
[Black "Riff, Vincent"]
[Result "1-0"]
[WhiteElo "2601"]
[BlackElo "2383"]
[PlyCount "59"]
[EventDate "2023.04.04"]
[EventType "swiss (blitz)"]
[EventRounds "11"]
[EventCountry "USA"]
[SourceTitle "EXT 2024"]
[Source "ChessBase"]
[SourceDate "2023.10.10"]
[SourceVersion "1"]
[SourceVersionDate "2023.10.10"]
[SourceQuality "1"]

1. d4 d5 2. c4 c6 3. Nf3 Nf6 4. e3 Bf5 5. Nc3 e6 6. Nh4 Be4 7. f3 Bg6 8. Bd2 Nbd7 9. Qb3 b5 10. cxb5 c5 11. a4 c4 12. Qd1 e5 13. Be2 Bd6 14. 0-0 Qb8 15. f4 exd4 16. exd4 Be4 17. Bf3 0-0 18. Bxe4 Nxe4 19. Nxd5 f5 20. Nc3 Ndf6 21. Nxf5 Qb6 22. Be3 Nxc3 23. bxc3 Nd5 24. Qg4 Rxf5 25. Qxf5 Nxe3 26. Qe6+ Kh8 27. Qxe3 Rf8 28. g3 Qb7 29. Rae1 Qc7 30. Qe6 1-0

[Event "Titled Tuesday intern op 04th Apr Late"]
[Site "Chess.com INT"]
[Date "2023.04.04"]
[Round "2"]
[White "Riff, Vincent"]
[Black "Hajiyev, Kanan"]
[Result "1-0"]
[WhiteElo "2383"]
[BlackElo "2194"]
[PlyCount "41"]
[EventDate "2023.04.04"]
[EventType "swiss (blitz)"]
[EventRounds "11"]
[EventCountry "USA"]
[SourceTitle "EXT 2024"]
[Source "ChessBase"]
[SourceDate "2023.10.10"]
[SourceVersion "1"]
[SourceVersionDate "2023.10.10"]
[SourceQuality "1"]

1. e4 c6 2. Nf3 d5 3. Nc3 a6 4. h3 h6 5. d4 dxe4 6. Nxe4 Bf5 7. Ng3 Bh7 8. Bc4 e6 9. 0-0 Nf6 10. Ne5 c5 11. Qe2 Nd5 12. Re1 Bg8 13. Nh5 cxd4 14. Nf4 Nxf4 15. Bxf4 Nc6 16. Rad1 Bc5 17. Nxc6 bxc6 18. Qe5 Bf8 19. Rxd4 Qf6 20. Qe4 Rc8 21. Bxa6 1-0

[Event "Titled Tuesday intern op 04th Apr Late"]
[Site "Chess.com INT"]
[Date "2023.04.04"]
[Round "3"]
[White "Riff, Vincent"]
[Black "Vidit, Santosh Gujrathi"]
[Result "0-1"]
[WhiteElo "2383"]
[BlackElo "2731"]
[PlyCount "58"]
[EventDate "2023.04.04"]
[EventType "swiss (blitz)"]
[EventRounds "11"]
[EventCountry "USA"]
[SourceTitle "EXT 2024"]
[Source "ChessBase"]
[SourceDate "2023.10.10"]
[SourceVersion "1"]
[SourceVersionDate "2023.10.10"]
[SourceQuality "1"]

1. e4 c5 2. Nc3 Nc6 3. Bb5 Nd4 4. Nf3 e6 5. Bc4 Qc7 6. d3 Nc6 7. 0-0 a6 8. Re1 d6 9. Bf4 Nf6 10. h3 Be7 11. e5 dxe5 12. Nxe5 Bd6 13. Qe2 Nd4 14. Qd2 0-0 15. Bh2 b5 16. Bb3 Bb7 17. Re3 Rad8 18. Rae1 Ba8 19. Rg3 Nf5 20. Rg5 h6 21. Rxf5 exf5 22. Qf4 Rde8 23. Qxf5 c4 24. dxc4 bxc4 25. Ba4 Re6 26. Bg3 Qb7 27. Bc6 Qxb2 28. Bxa8 Qxc3 29. Rd1 Bxe5 0-1

[Event "Titled Tuesday intern op 21st Mar Late"]
[Site "Chess.com INT"]
[Date "2023.03.21"]
[Round "5"]
[White "Argandona Riveiro, Inigo"]
[Black "Riff, Vincent"]
[Result "0-1"]
[WhiteElo "2355"]
[BlackElo "2383"]
[PlyCount "82"]
[EventDate "2023.03.21"]
[EventType "swiss (blitz)"]
[EventRounds "11"]
[EventCountry "USA"]
[SourceTitle "EXT 2024"]
[Source "ChessBase"]
[SourceDate "2023.10.10"]
[SourceVersion "1"]
[SourceVersionDate "2023.10.10"]
[SourceQuality "1"]

1. Nf3 Nf6 2. c4 d6 3. d4 Nbd7 4. Nc3 e5 5. e4 Be7 6. Be2 0-0 7. 0-0 c6 8. Re1 a6 9. a3 b5 10. b4 bxc4 11. Bxc4 exd4 12. Nxd4 Ne5 13. Ba2 Bg4 14. f3 Bh5 15. Be3 Re8 16. Qd2 d5 17. f4 Nc4 18. Bxc4 dxc4 19. Nxc6 Qc7 20. Nxe7+ Rxe7 21. e5 Rd8 22. exf6 Rxd2 23. fxe7 Rxg2+ 24. Kxg2 Qxe7 25. Rad1 Bxd1 26. Nxd1 h5 27. Kf2 Qd7 28. Nc3 Qh3 29. Kg1 h4 30. Re2 Qf3 31. Bd2 h3 32. Rf2 Qg4+ 33. Kf1 Qf5 34. Ke1 Qc2 35. f5 Qb3 36. a4 Qxb4 37. f6 gxf6 38. Rxf6 Qe7+ 39. Ne4 Qxe4+ 40. Kd1 Qd3 41. Rc6 Qf3+ 0-1

[Event "Titled Tuesday intern op 21st Mar Late"]
[Site "Chess.com INT"]
[Date "2023.03.21"]
[Round "1"]
[White "Riff, Vincent"]
[Black "Hartikainen, Jarmo"]
[Result "1-0"]
[WhiteElo "2383"]
[BlackElo "2108"]
[PlyCount "75"]
[EventDate "2023.03.21"]
[EventType "swiss (blitz)"]
[EventRounds "11"]
[EventCountry "USA"]
[SourceTitle "EXT 2024"]
[Source "ChessBase"]
[SourceDate "2023.10.10"]
[SourceVersion "1"]
[SourceVersionDate "2023.10.10"]
[SourceQuality "1"]

1. e4 c5 2. Nc3 Nc6 3. Bb5 g6 4. Bxc6 dxc6 5. d3 Bg7 6. f4 Nf6 7. Nf3 Bg4 8. 0-0 Qd7 9. Qe1 Bxf3 10. Rxf3 h5 11. f5 Ng4 12. Ne2 0-0-0 13. Bf4 Ne5 14. Rf1 f6 15. Bxe5 fxe5 16. fxg6 Bf6 17. Ng3 Rdg8 18. Qa5 b6 19. Qa6+ Qb7 20. Qxb7+ Kxb7 21. Rf5 h4 22. Ne2 Rxg6 23. Raf1 Rhg8 24. R1f2 Bg5 25. R5f3 Rf6 26. Rxf6 exf6 27. Kf1 a5 28. Ng1 b5 29. Nf3 Bf4 30. Nxh4 Bxh2 31. Rxf6 a4 32. Nf5 b4 33. Nd6+ Kb6 34. Nc4+ Kb5 35. Rf7 Rb8 36. b3 Bf4 37. Kf2 axb3 38. axb3 1-0

[Event "Titled Tuesday intern op 21st Mar Late"]
[Site "Chess.com INT"]
[Date "2023.03.21"]
[Round "3"]
[White "Riff, Vincent"]
[Black "Thiel, Thomas"]
[Result "1-0"]
[WhiteElo "2383"]
[BlackElo "2238"]
[PlyCount "79"]
[EventDate "2023.03.21"]
[EventType "swiss (blitz)"]
[EventRounds "11"]
[EventCountry "USA"]
[SourceTitle "EXT 2024"]
[Source "ChessBase"]
[SourceDate "2023.10.10"]
[SourceVersion "1"]
[SourceVersionDate "2023.10.10"]
[SourceQuality "1"]

1. e4 d5 2. exd5 Nf6 3. Nf3 Nxd5 4. Nc3 g6 5. Bc4 Nb6 6. Bb3 Bg7 7. 0-0 0-0 8. h3 Nc6 9. d3 Nd4 10. Re1 a5 11. Bg5 Bf6 12. Bh6 Bg7 13. Bxg7 Kxg7 14. Nxd4 Qxd4 15. Rxe7 a4 16. Bc4 Nxc4 17. dxc4 Qxc4 18. Qe1 Qd4 19. Rd1 Qf6 20. Nd5 Qxb2 21. c3 Be6 22. Qe5+ Kh6 23. Rd4 Qb1+ 24. Kh2 g5 25. Qf6+ Qg6 26. Qe5 c6 27. Nf6 Rad8 28. f4 Qf5 29. Ng4+ Kg6 30. Rxb7 Rxd4 31. cxd4 Qxf4+ 32. Qxf4 gxf4 33. Ne5+ Kf5 34. a3 Ke4 35. Nxc6 Rc8 36. Nb4 Kxd4 37. Ra7 Bb3 38. Rd7+ Ke3 39. Re7+ Kf2 40. Nd3+ 1-0

[Event "Titled Tuesday intern op 14th Mar Early"]
[Site "Chess.com INT"]
[Date "2023.03.14"]
[Round "3"]
[White "Pakleza, Zbigniew"]
[Black "Riff, Vincent"]
[Result "1-0"]
[WhiteElo "2492"]
[BlackElo "2383"]
[PlyCount "91"]
[EventDate "2023.03.14"]
[EventType "swiss (blitz)"]
[EventRounds "11"]
[EventCountry "USA"]
[SourceTitle "EXT 2024"]
[Source "ChessBase"]
[SourceDate "2023.10.10"]
[SourceVersion "1"]
[SourceVersionDate "2023.10.10"]
[SourceQuality "1"]

1. d4 d5 2. Bf4 c5 3. e3 Nc6 4. c3 Qb6 5. Qb3 c4 6. Qc2 e5 7. dxe5 Bf5 8. Qc1 g5 9. Bg3 Bg7 10. Nf3 h6 11. Nd4 Bg6 12. f4 Nge7 13. Nd2 0-0-0 14. b3 gxf4 15. exf4 Nxd4 16. cxd4 Qxd4 17. bxc4 Kb8 18. Be2 dxc4 19. Nxc4 Nd5 20. Bf2 Qc3+ 21. Qxc3 Nxc3 22. Rc1 Nxe2 23. Kxe2 Rd5 24. g4 h5 25. f5 Bh7 26. h3 Bxe5 27. Nxe5 Rxe5+ 28. Kf3 Ka8 29. Rhe1 Rxe1 30. Rxe1 hxg4+ 31. hxg4 Rc8 32. Re7 Bg8 33. Bd4 a5 34. Kf4 a4 35. g5 b5 36. a3 Rd8 37. Ke5 Kb8 38. Bb6 Rd1 39. Re8+ Kb7 40. Rxg8 Kxb6 41. Kf6 b4 42. Rb8+ Kc5 43. Rxb4 Rd5 44. Rxa4 Rd6+ 45. Kxf7 Ra6 46. Rxa6 1-0